000 00658nam a2200229Ia 4500
001 1946
003 GE_BSU
008 181216s||||||||xx |||||||||||||| ||und||
020 _a5726002555
040 _cGE_BSU
080 _a342.7+396
245 _aТруд женщин и молодежи
245 _bСборник нормативных актов
245 _cГаврилина, А.К. Шептулина Н.Н.
260 _aМосква
260 _bЮридическая литература
260 _c1990
300 _a400стр. 19 см.
541 _h10л.
653 _aТруд женщин и молодежи
942 _cBK
999 _c36046
_d36046